000 00592 a2200205 4500
001 63103
005 20260407155926.0
008 260407a1970 arg spa d
003 AR-UNSa-BCEJYS
040 _aAR-UNSa-BCEJYS
_bspa
_cAR-UNSa-BCEJYS
080 _a339.5
_xComercio exterior. Comercio Internacional
245 1 0 _aComercio internacional
_pTeoría y evidencia empírica
020 _a978-84-309-0455-6
264 1 _aMadrid :
_bTecnos
_c1970
300 _a203 p.
_c23 cm.
041 _aspa
942 _cBK
590 _aniveau_biblio:m niveau_hierar:0
100 1 _aHeller, H. Robert
999 _c7992
_d7992